Wird geladen...
THE GOLDEN BOOK JAINISM:HUMANITYS OLDEST RELIGION OF NIN VIOLENCE
| 1. Verfasser: | |
|---|---|
| Veröffentlicht: |
LOTUS
|
| LEADER | 00533nam a2200229 4500 | ||
|---|---|---|---|
| 020 | |a 8183821413 | ||
| 082 | |a 294.4 JAC | ||
| 100 | |a JACOBI HERMANN | ||
| 245 | |a THE GOLDEN BOOK JAINISM:HUMANITYS OLDEST RELIGION OF NIN VIOLENCE |h ENGLISH | ||
| 250 | |||
| 260 | |b LOTUS | ||
| 300 | |||
| 500 | |||
| 501 | |||
| 538 | |||
| 590 | |||
| 630 | |||
| 650 | |||
| 700 | |||
| 942 | |||
| 999 | |c 178459 |d 178459 | ||
| 952 | |0 0 |1 0 |4 0 |6 294_400000000000000_JAC |7 0 |9 191822 |a AGY |b AGY |d 2019-10-25 |l 0 |o 294.4 JAC |p AGY2668 |r 2019-10-25 |w 2019-10-25 | ||